• 首页
  • 本馆介绍
  • 公告通知
  • 最新文献
  • 馆藏检索
  • 电子资源
  • 读者导购
  • 参考咨询
  • 我的图书馆
  • 登录
  • 详细信息显示
  • 放入我的书架
  • 预约/预借图书
  • 作者相关作品
  • 分类相关作品
  • 丛书相关作品
  • 出版社相关作品

书目信息

  • 表格格式
  • 工作单格式
  • 卡片格式
题名:
艾灸补虚除寒湿
    
 
作者: 吴中朝 主编
分册:  
出版信息: 北京   中国轻工业出版社  2017
页数: 207页
开本: 24cm
丛书名:
单 册:
中图分类: R245.81
科图分类:
主题词: 艾灸--ai jiu
电子资源:
ISBN: 978-7-5184-1371-3
000 01022nam0 2200241 450
001 012001001095
005 20131107133056.0
010    @a978-7-5184-1371-3@dCNY39.80
099    @aCAL 012017157359
100    @a20171108d2017 em y0chiy50 ea
101 0  @achi
102    @aCN@b110000
105    @aa z 000yy
106    @ar
200 1  @a艾灸补虚除寒湿@Aai jiu bu xu chu han shi@f吴中朝主编
210    @a北京@c中国轻工业出版社@d2017
215    @a207页@c彩图@d24cm
330    @a本书内容全面, 不仅包括小病小痛的灸法, 还根据人群的不同, 囊括了困扰老年人、女人、男人、小孩的常见病, 巧妙运用雀啄灸、隔姜灸、艾盒灸等艾灸方法, 锁定关键穴位, 阐明艾灸疗效。 此外, 书中对艾灸者特别关注的艾灸时出现口干、起灸疱等情况, 进行了说明, 当您出现类似情况时, 无须紧张, 书中已给出了应对之法。书中还提供了真人骨骼图, 助您精准取穴, 按图中标识艾灸, 1分钟搞定全套流程。
606 0  @a艾灸@Aai jiu
690    @aR245.81@v5
701  0 @a吴中朝@Awu zhong chao@4主编
801  0 @aCN@b北京卓展文化@c20191020
905    @b1197506-9@dR245.81@e494@f4
    
    艾灸补虚除寒湿/吴中朝主编.-北京:中国轻工业出版社,2017
    207页:彩图;24cm
    
    
    ISBN 978-7-5184-1371-3:CNY39.80
    本书内容全面, 不仅包括小病小痛的灸法, 还根据人群的不同, 囊括了困扰老年人、女人、男人、小孩的常见病, 巧妙运用雀啄灸、隔姜灸、艾盒灸等艾灸方法, 锁定关键穴位, 阐明艾灸疗效。 此外, 书中对艾灸者特别关注的艾灸时出现口干、起灸疱等情况, 进行了说明, 当您出现类似情况时, 无须紧张, 书中已给出了应对之法。书中还提供了真人骨骼图, 助您精准取穴, 按图中标识艾灸, 1分钟搞定全套流程。
●
相关链接 在E读中查询图书 在五车中查询图书 在当当中查询图书 在豆瓣中查询图书


正题名:艾灸补虚除寒湿     索取号:R245.81/494         预约/预借

序号 登录号 条形码 馆藏地/架位号 状态 备注
1 1197506   211975068   第二样本阅览室/ [索取号:R245.81/494] 在馆    
2 1197507   211975077   第三借阅区/ [索取号:R245.81/494] 在馆    
3 1197508   211975086   第三借阅区/ [索取号:R245.81/494] 在馆    
4 1197509   211975095   第三借阅区/ [索取号:R245.81/494] 在馆    
唐山师范学院图书馆 欢迎您!
大连网信软件有限公司© 版权所有